000 00357nam a2200157Ia 4500
003 0STCL
008 150530s9999 xx 000 0 und d
040 _aSTCL
_cSTCL
100 _aRomer, A.S.
245 _aMan and the vertebrates vol-II
260 _bPenguin
_c1960
546 _aEnglish
942 _2ddc
_cBK
999 _c39979
_d39979
005 20220125170509.0